Prenos dát : Pre odbor ASR /

Enregistré dans:
Détails bibliographiques
Auteur principal: Černík, Karol (Auteur)
Format: Livre
Langue:slovaque
Publié: Bratislava : STU v Bratislave, 1984
Édition:1.vyd.
Tags: Ajouter un tag
Pas de tags, Soyez le premier à ajouter un tag!

MARC

LEADER 00000nam a22000003a 4500
001 stu6904
005 20150617225809.0
008 940722s1984----cs------------------slo-d
040 |a STU  |b slo 
041 0 |a slo 
044 |a cs 
100 1 |a Černík, Karol  |4 aut 
245 1 |a Prenos dát :  |b Pre odbor ASR /  |c [aut.] Černík,Karol 
250 |a 1.vyd. 
260 |a Bratislava :  |b STU v Bratislave,  |c 1984 
300 |a 252 s 
996 |b E53731  |c E*53731  |l EE01  |s A  |a 24  |w stu6904_0002